[Event "Monastir Safe Tours op"]
[Site "Monastir"]
[Date "2023.06.18"]
[Round "5"]
[White "Hbacha, Achraf"]
[Black "Meddeb, Anis"]
[Result "1-0"]
[WhiteElo "2102"]
[BlackElo "2170"]
[PlyCount "99"]
[EventDate "2023.06.16"]
[EventType "swiss"]
[EventRounds "7"]
[EventCountry "TUN"]
[SourceTitle "EXT 2024"]
[Source "ChessBase"]
[SourceDate "2023.10.10"]
[SourceVersion "1"]
[SourceVersionDate "2023.10.10"]
[SourceQuality "1"]

1. Nf3 d5 2. g3 Nf6 3. Bg2 g6 4. 0-0 Bg7 5. c4 c6 6. d4 0-0 7. Nbd2 Nfd7 8. e4 dxe4 9. Nxe4 Nb6 10. b3 Bg4 11. Bb2 Na6 12. Qd2 Qd7 13. Ne5 Bxe5 14. dxe5 Qxd2 15. Nxd2 Rfd8 16. Ne4 Nb4 17. h3 Bf5 18. Nc5 Nd3 19. Ba3 Nxc5 20. Bxc5 Nd7 21. Bxe7 Re8 22. Bd6 Nxe5 23. g4 Bd3 24. Rfe1 Nd7 25. Rad1 Rxe1+ 26. Rxe1 Nf8 27. Re7 Rd8 28. c5 Ba6 29. Bf1 Bxf1 30. Kxf1 b6 31. Rxa7 bxc5 32. Bxc5 Ne6 33. Be3 c5 34. Ke2 g5 35. Ra5 Rc8 36. Kd3 Kg7 37. Kc4 Kf6 38. Bxc5 Ke5 39. b4 Ke4 40. Ra3 h5 41. Re3+ Kf4 42. gxh5 Kf5 43. a4 Nxc5 44. bxc5 Ra8 45. Kb5 Rb8+ 46. Kc6 Ra8 47. Ra3 Rc8+ 48. Kb6 Ke5 49. c6 Rb8+ 50. Kc7 1-0

[Event "Olympiad-44"]
[Site "Chennai"]
[Date "2022.08.05"]
[Round "7.4"]
[White "Meddeb, Anis"]
[Black "Rakotomaharavo, Dylan"]
[Result "1/2-1/2"]
[WhiteElo "2121"]
[BlackElo "1948"]
[PlyCount "62"]
[EventDate "2022.07.29"]
[EventType "team-swiss"]
[EventRounds "11"]
[EventCountry "IND"]
[SourceTitle "CBM 210"]
[Source "ChessBase"]
[SourceDate "2022.10.31"]
[SourceVersion "1"]
[SourceVersionDate "2022.10.31"]
[SourceQuality "1"]
[WhiteTeam "Tunisia"]
[BlackTeam "Madagascar"]
[WhiteTeamCountry "TUN"]
[BlackTeamCountry "MAD"]

1. e4 c5 2. Nf3 Nc6 3. d4 cxd4 4. Nxd4 Nf6 5. Nc3 e6 6. Bc4 Bb4 7. 0-0 0-0 8. Bg5 h6 9. Bh4 g5 10. Nxc6 bxc6 11. e5 Bxc3 12. bxc3 gxh4 13. exf6 Qxf6 14. Qd6 Qxc3 15. Bd3 f5 16. Rab1 Qf6 17. Rfe1 Rf7 18. Rb4 Qe7 19. Qxe7 Rxe7 20. Rxh4 Rg7 21. Rb1 a5 22. Rb6 Kf7 23. Rxh6 Ke7 24. h4 Kd6 25. Rh8 Kc7 26. Rb3 Bb7 27. Rxa8 Bxa8 28. Ra3 Kb6 29. Rb3+ Kc7 30. Ra3 Kb6 31. Rb3+ Kc7 1/2-1/2

[Event "Olympiad-44"]
[Site "Chennai"]
[Date "2022.08.02"]
[Round "5.4"]
[White "Meddeb, Anis"]
[Black "De Silva, LMST"]
[Result "0-1"]
[WhiteElo "2121"]
[BlackElo "2212"]
[PlyCount "96"]
[EventDate "2022.07.29"]
[EventType "team-swiss"]
[EventRounds "11"]
[EventCountry "IND"]
[SourceTitle "CBM 210"]
[Source "ChessBase"]
[SourceDate "2022.10.31"]
[SourceVersion "1"]
[SourceVersionDate "2022.10.31"]
[SourceQuality "1"]
[WhiteTeam "Tunisia"]
[BlackTeam "Sri Lanka"]
[WhiteTeamCountry "TUN"]
[BlackTeamCountry "SRI"]

1. e4 e5 2. Nf3 Nc6 3. Bb5 a6 4. Ba4 Nf6 5. 0-0 Be7 6. d3 b5 7. Bb3 0-0 8. Re1 d6 9. c3 Na5 10. Bc2 c5 11. Nbd2 Re8 12. Nf1 Bf8 13. Bg5 h6 14. Bd2 g6 15. a4 Be6 16. Ne3 Qc7 17. d4 c4 18. d5 Bd7 19. axb5 axb5 20. h3 Bg7 21. Kh2 Nb7 22. Nf1 Nh5 23. Rxa8 Rxa8 24. Qc1 g5 25. g4 Nf4 26. Ng3 Re8 27. Bxf4 exf4 28. Nf5 Bxf5 29. exf5 Qd8 30. Kg2 Nc5 31. Qd2 Rxe1 32. Qxe1 Bf6 33. Qa1 Qe8 34. Kf1 Kg7 35. Qd1 Qa8 36. Nd4 Qxd5 37. Nxb5 Nd3 38. Nd4 Bxd4 39. cxd4 Nxb2 40. Qd2 Nd3 41. Bxd3 Qxd4 42. Qb4 Qxd3+ 43. Kg2 c3 44. Qa5 Qe4+ 45. Kh2 Qd4 46. Kg2 c2 47. Qa3 f3+ 48. Kxf3 Qf4+ 0-1

[Event "Francophonie-chT Rapid"]
[Site "Tornelo INT"]
[Date "2022.06.05"]
[Round "8.1"]
[White "Rodrigue Lemieux, Shawn"]
[Black "Meddeb, Anis"]
[Result "1-0"]
[WhiteElo "2366"]
[BlackElo "2121"]
[PlyCount "77"]
[EventDate "2022.06.04"]
[EventType "team-swiss (rapid)"]
[EventRounds "11"]
[EventCountry "FRA"]
[SourceTitle "CBM 208 Extra"]
[Source "ChessBase"]
[SourceDate "2022.07.31"]
[SourceVersion "1"]
[SourceVersionDate "2022.07.31"]
[SourceQuality "1"]
[WhiteTeam "Quebec"]
[BlackTeam "Tunisia II"]
[WhiteTeamCountry "CAN"]
[BlackTeamCountry "TUN"]

1. c4 c5 2. g3 Nc6 3. Bg2 g6 4. Nc3 Bg7 5. Nf3 d6 6. 0-0 e5 7. Ne1 f5 8. Nc2 Nf6 9. a3 0-0 10. b4 e4 11. Rb1 b6 12. d3 exd3 13. Bxc6 dxc2 14. Qxc2 Rb8 15. bxc5 dxc5 16. Bf4 Rb7 17. Rbd1 Qe7 18. Bd6 Qe6 19. Bxb7 Bxb7 20. Bxf8 Bxf8 21. Qd3 f4 22. Nd5 Nxd5 23. cxd5 Qd6 24. Qe4 Bc8 25. Qxf4 Qxf4 26. gxf4 Bd6 27. e3 c4 28. a4 Bf5 29. Rd4 c3 30. Rc1 Bc5 31. Rc4 Kf7 32. Rxc5 bxc5 33. Rxc3 Be4 34. Rxc5 Kf6 35. d6 Bf5 36. e4 Bh3 37. Re5 h6 38. f5 Bxf5 39. exf5 1-0

[Event "Francophonie-chT Rapid"]
[Site "Tornelo INT"]
[Date "2022.06.04"]
[Round "2.10"]
[White "Meddeb, Anis"]
[Black "Botsoe, Koffi"]
[Result "1-0"]
[WhiteElo "2121"]
[BlackElo "1629"]
[PlyCount "37"]
[EventDate "2022.06.04"]
[EventType "team-swiss (rapid)"]
[EventRounds "11"]
[EventCountry "FRA"]
[SourceTitle "CBM 208 Extra"]
[Source "ChessBase"]
[SourceDate "2022.07.31"]
[SourceVersion "1"]
[SourceVersionDate "2022.07.31"]
[SourceQuality "1"]
[WhiteTeam "Tunisia II"]
[BlackTeam "Togo II"]
[WhiteTeamCountry "TUN"]
[BlackTeamCountry "TOG"]

1. e4 g6 2. d4 Bg7 3. Nf3 d5 4. e5 e6 5. c4 Ne7 6. Nc3 c6 7. Bg5 0-0 8. Be2 Qd7 9. Qd2 Nf5 10. g4 Ne7 11. h4 f6 12. Bh6 f5 13. Bxg7 Kxg7 14. h5 f4 15. c5 Ng8 16. Bd3 Qf7 17. hxg6 hxg6 18. Ng5 Qe8 19. Rh7# 1-0

[Event "Sousse BICA op 1st"]
[Site "Sousse"]
[Date "2021.12.27"]
[Round "5"]
[White "Kaabi, Iheb"]
[Black "Meddeb, Anis"]
[Result "0-1"]
[WhiteElo "1768"]
[BlackElo "2077"]
[PlyCount "104"]
[EventDate "2021.12.24"]
[EventType "swiss"]
[EventRounds "9"]
[EventCountry "TUN"]
[SourceTitle "CBM 205 Extra"]
[Source "ChessBase"]
[SourceDate "2022.01.31"]
[SourceVersion "1"]
[SourceVersionDate "2022.01.31"]
[SourceQuality "1"]

1. e4 c5 2. d4 cxd4 3. c3 dxc3 4. Nxc3 e6 5. Nf3 d6 6. Bc4 Nc6 7. 0-0 Nf6 8. Qe2 Be7 9. Bf4 e5 10. Be3 Bg4 11. Rfd1 0-0 12. Rd2 Rc8 13. Rad1 a6 14. Bb3 Qc7 15. h3 Bh5 16. g4 Bg6 17. Bc2 Na5 18. g5 Nd7 19. Nd5 Qd8 20. Nxe7+ Qxe7 21. Rxd6 Nb8 22. R6d5 Nc4 23. Bc1 Bh5 24. Qd3 Nb6 25. Rxe5 Qc7 26. Bf4 Qxc2 27. Re7 Qxd3 28. Rxd3 Bxf3 29. Rxf3 N8d7 30. Be3 Rfe8 31. Rfxf7 Rxe7 32. Rxe7 Kf8 33. Re6 Nc4 34. g6 Nxe3 35. fxe3 hxg6 36. Rxg6 Rc1+ 37. Kh2 Rc2+ 38. Rg2 Rxg2+ 39. Kxg2 Ne5 40. b3 Kf7 41. Kg3 Kf6 42. Kf4 Nd3+ 43. Kg4 Nf2+ 44. Kg3 Nxe4+ 45. Kf4 Nf2 46. h4 Nd3+ 47. Kg4 b5 48. Kf3 Nc1 49. a4 b4 50. Ke4 Nxb3 51. Kd3 Nc5+ 52. Kc4 b3 0-1

[Event "Sousse BICA op 1st"]
[Site "Sousse"]
[Date "2021.12.27"]
[Round "6"]
[White "Nigmatov, Ortik"]
[Black "Meddeb, Anis"]
[Result "1-0"]
[WhiteElo "2442"]
[BlackElo "2077"]
[PlyCount "79"]
[EventDate "2021.12.24"]
[EventType "swiss"]
[EventRounds "9"]
[EventCountry "TUN"]
[SourceTitle "CBM 205 Extra"]
[Source "ChessBase"]
[SourceDate "2022.01.31"]
[SourceVersion "1"]
[SourceVersionDate "2022.01.31"]
[SourceQuality "1"]

1. e4 c5 2. Nf3 Nc6 3. d4 cxd4 4. Nxd4 e5 5. Nb5 d6 6. N1c3 a6 7. Na3 b5 8. Nd5 Nce7 9. c4 Nxd5 10. exd5 f5 11. cxb5 Nf6 12. Bc4 Be7 13. 0-0 0-0 14. Qe2 f4 15. f3 Qe8 16. bxa6 Bd8 17. Qf2 Bxa6 18. Kh1 Nh5 19. Bxa6 Rxa6 20. Nc4 Bc7 21. Bd2 Bb8 22. Qh4 Rf6 23. Be1 Ba7 24. Rc1 Bd4 25. Qg4 Ra8 26. Bh4 Rh6 27. Rc2 Nf6 28. Bxf6 Rxf6 29. Rfc1 h5 30. Qg5 Qf7 31. Nd2 Rf5 32. Rc8+ Rxc8 33. Rxc8+ Kh7 34. Ne4 Bc5 35. a3 Qd7 36. Rd8 Qf7 37. b4 Bb6 38. Rxd6 Bc7 39. Re6 Kg8 40. Qe7 1-0

[Event "TUN-ch"]
[Site "Sousse"]
[Date "2019.05.14"]
[Round "9"]
[White "Douissa, Oussama"]
[Black "Meddeb, Anis"]
[Result "1-0"]
[WhiteElo "2242"]
[BlackElo "2120"]
[PlyCount "113"]
[EventDate "2019.05.06"]
[EventType "tourn"]
[EventRounds "11"]
[EventCountry "TUN"]
[SourceTitle "CBM 190 Extra"]
[Source "ChessBase"]
[SourceDate "2019.07.15"]
[SourceVersion "1"]
[SourceVersionDate "2019.07.15"]
[SourceQuality "1"]

1. Nf3 d5 2. c4 e6 3. e3 Nf6 4. b3 Be7 5. Bb2 0-0 6. Qc2 c5 7. cxd5 exd5 8. d4 cxd4 9. Nxd4 Nc6 10. Nxc6 bxc6 11. Bd3 Bb4+ 12. Bc3 Bxc3+ 13. Nxc3 d4 14. exd4 Re8+ 15. Be2 Qxd4 16. 0-0 Qc5 17. Rac1 Bf5 18. Qb2 Qe5 19. Bf3 Ng4 20. Bxg4 Bxg4 21. h3 Be6 22. Rfe1 Qf6 23. Na4 Qg5 24. Re5 Qf4 25. Rce1 Red8 26. R5e4 Qg5 27. R1e3 Qd5 28. Rg3 g6 29. Nc3 Qd2 30. Re2 Qxb2 31. Rxb2 Rd4 32. Re3 Rad8 33. Re5 Rd2 34. Rxd2 Rxd2 35. Ra5 Rd7 36. Ne4 Kg7 37. Nc5 Rc7 38. f3 Bd5 39. Kf2 Re7 40. Nd3 f6 41. Nb4 Rd7 42. Ke3 Kf7 43. Ra6 Rc7 44. Nxd5 cxd5 45. Kd4 Rd7 46. b4 h5 47. a4 g5 48. g4 hxg4 49. hxg4 Ke7 50. b5 Kf7 51. Rc6 Ke7 52. a5 Kf7 53. b6 axb6 54. axb6 Rd8 55. b7 Rb8 56. Rb6 Ke7 57. Kxd5 1-0

[Event "TUN-ch"]
[Site "Sousse"]
[Date "2019.05.06"]
[Round "1"]
[White "Meddeb, Anis"]
[Black "Taieb, Sahbi"]
[Result "1/2-1/2"]
[WhiteElo "2120"]
[BlackElo "2125"]
[PlyCount "66"]
[EventDate "2019.05.06"]
[EventType "tourn"]
[EventRounds "11"]
[EventCountry "TUN"]
[SourceTitle "CBM 190 Extra"]
[Source "ChessBase"]
[SourceDate "2019.07.15"]
[SourceVersion "1"]
[SourceVersionDate "2019.07.15"]
[SourceQuality "1"]

1. e4 c5 2. Nf3 a6 3. d4 cxd4 4. Nxd4 Nf6 5. Nc3 e5 6. Nf3 Nc6 7. Bc4 Bb4 8. 0-0 d6 9. Nd5 Nxd5 10. Bxd5 0-0 11. c3 Bc5 12. b4 Ba7 13. Bg5 Qc7 14. Nh4 Ne7 15. Bb3 Ng6 16. Nf5 Bxf5 17. exf5 Nf4 18. f6 Ng6 19. Qh5 Rfd8 20. Rad1 Qxc3 21. Rc1 Qd3 22. Rc7 d5 23. Bc2 Qb5 24. Rxf7 Kxf7 25. Qxh7 e4 26. Qxg7+ Ke6 27. Qxg6 Rg8 28. Qh7 Rxg5 29. Qe7+ Kf5 30. f7 Qc6 31. f8Q+ Rxf8 32. Qxf8+ Qf6 33. Qc8+ Ke5 1/2-1/2

[Event "TUN-chT"]
[Site "Hammamet"]
[Date "2019.03.16"]
[Round "7.3"]
[White "Asri, Sofiane"]
[Black "Meddeb, Anis"]
[Result "1/2-1/2"]
[WhiteElo "2046"]
[BlackElo "2164"]
[PlyCount "22"]
[EventDate "2019.02.09"]
[EventType "team-tourn"]
[EventRounds "11"]
[EventCountry "TUN"]
[SourceTitle "CBM 190 Extra"]
[Source "ChessBase"]
[SourceDate "2019.07.15"]
[SourceVersion "1"]
[SourceVersionDate "2019.07.15"]
[SourceQuality "1"]
[WhiteTeam "Sfax"]
[BlackTeam "Temime Cavalier"]
[WhiteTeamCountry "TUN"]
[BlackTeamCountry "TUN"]

1. e4 c5 2. Nf3 Nc6 3. d4 cxd4 4. Nxd4 e5 5. Nf3 Nf6 6. Bc4 h6 7. h3 Be7 8. Nc3 d6 9. Be3 a6 10. Nd5 Nxd5 11. Bxd5 Be6 1/2-1/2

[Event "TUN-chT"]
[Site "Hammamet"]
[Date "2019.03.16"]
[Round "9.2"]
[White "Meddeb, Anis"]
[Black "Bouaziz, Mehdi"]
[Result "1/2-1/2"]
[WhiteElo "2164"]
[BlackElo "2253"]
[PlyCount "45"]
[EventDate "2019.02.09"]
[EventType "team-tourn"]
[EventRounds "11"]
[EventCountry "TUN"]
[SourceTitle "CBM 190 Extra"]
[Source "ChessBase"]
[SourceDate "2019.07.15"]
[SourceVersion "1"]
[SourceVersionDate "2019.07.15"]
[SourceQuality "1"]
[WhiteTeam "Temime Cavalier"]
[BlackTeam "Bouhjar"]
[WhiteTeamCountry "TUN"]
[BlackTeamCountry "TUN"]

1. e4 c5 2. Nf3 Nc6 3. d4 cxd4 4. Nxd4 g6 5. Nc3 Bg7 6. Be3 Nf6 7. Be2 0-0 8. 0-0 d5 9. exd5 Nb4 10. d6 Qxd6 11. Ncb5 Qb8 12. c4 Nc6 13. Nxc6 bxc6 14. Nd4 Bd7 15. Qc1 Rd8 16. Rd1 Be8 17. Bf3 Qc7 18. Qc2 Rab8 19. Rac1 Bd7 20. Nb3 Ng4 21. Bxg4 Bxg4 22. f3 Bf5 23. Qf2 1/2-1/2

[Event "TUN-chT"]
[Site "Hammamet"]
[Date "2019.03.10"]
[Round "5.3"]
[White "Kaabi, Mejdi"]
[Black "Meddeb, Anis"]
[Result "1/2-1/2"]
[WhiteElo "2274"]
[BlackElo "2164"]
[PlyCount "38"]
[EventDate "2019.02.09"]
[EventType "team-tourn"]
[EventRounds "11"]
[EventCountry "TUN"]
[SourceTitle "CBM 190 Extra"]
[Source "ChessBase"]
[SourceDate "2019.07.15"]
[SourceVersion "1"]
[SourceVersionDate "2019.07.15"]
[SourceQuality "1"]
[WhiteTeam "Omran"]
[BlackTeam "Temime Cavalier"]
[WhiteTeamCountry "TUN"]
[BlackTeamCountry "TUN"]

1. d4 d5 2. Nf3 Nf6 3. c4 e6 4. Nc3 Be7 5. Bg5 h6 6. Bh4 0-0 7. e3 Ne4 8. Bxe7 Qxe7 9. Rc1 Nxc3 10. bxc3 Nd7 11. cxd5 exd5 12. Bd3 c5 13. 0-0 c4 14. Bb1 b5 15. Re1 f5 16. Nd2 a5 17. f3 Nf6 18. h3 Qc7 19. Qc2 Ra6 1/2-1/2

[Event "Arab-chT op"]
[Site "Hammamet"]
[Date "2019.03.03"]
[Round "1.4"]
[White "Al Aqrabi, Saleh"]
[Black "Meddeb, Anis"]
[Result "1-0"]
[WhiteElo "2099"]
[BlackElo "2164"]
[PlyCount "68"]
[EventDate "2019.03.03"]
[EventType "team-swiss"]
[EventRounds "7"]
[EventCountry "TUN"]
[SourceTitle "EXT 2024"]
[Source "ChessBase"]
[SourceDate "2023.10.10"]
[SourceVersion "1"]
[SourceVersionDate "2023.10.10"]
[SourceQuality "1"]
[WhiteTeam "Yemen"]
[BlackTeam "Tunisia II"]
[WhiteTeamCountry "YEM"]
[BlackTeamCountry "TUN"]

1. d4 d5 2. Bf4 e6 3. e3 Bd6 4. Bg3 Nf6 5. Nd2 Nc6 6. Ngf3 0-0 7. c3 Re8 8. Bb5 Nd7 9. 0-0 a6 10. Ba4 e5 11. e4 dxe4 12. Nxe4 exd4 13. Nxd6 cxd6 14. Nxd4 Nxd4 15. Qxd4 Re6 16. Bb3 Rg6 17. Bc2 Rh6 18. Bxd6 Nf8 19. Rad1 Be6 20. Bf4 Qxd4 21. Rxd4 Rh5 22. Be4 Rb5 23. b3 Ng6 24. Be3 Rc8 25. c4 Rb6 26. Rfd1 f6 27. c5 Rb5 28. b4 Bxa2 29. Bd3 Be6 30. Bxb5 axb5 31. f3 Kf7 32. h4 h5 33. Ra1 Bd7 34. Kf2 Bc6 1-0

[Event "TUN-chT"]
[Site "Hammamet"]
[Date "2019.02.09"]
[Round "1.3"]
[White "Meddeb, Anis"]
[Black "Ferchichi, Sofiane"]
[Result "0-1"]
[WhiteElo "2164"]
[BlackElo "2051"]
[PlyCount "100"]
[EventDate "2019.02.09"]
[EventType "team-tourn"]
[EventRounds "11"]
[EventCountry "TUN"]
[SourceTitle "CBM 190 Extra"]
[Source "ChessBase"]
[SourceDate "2019.07.15"]
[SourceVersion "1"]
[SourceVersionDate "2019.07.15"]
[SourceQuality "1"]
[WhiteTeam "Temime Cavalier"]
[BlackTeam "Megrine Maison"]
[WhiteTeamCountry "TUN"]
[BlackTeamCountry "TUN"]

1. e4 c5 2. Nf3 d6 3. d4 cxd4 4. Nxd4 Nf6 5. Nc3 a6 6. Bc4 e6 7. Bb3 Nbd7 8. 0-0 Nc5 9. Bg5 Be7 10. Re1 0-0 11. f4 Qb6 12. Kh1 h6 13. Bxf6 Bxf6 14. e5 Be7 15. Na4 Nxa4 16. Bxa4 Rd8 17. c3 Qxb2 18. Qd3 Qa3 19. Bc2 g6 20. Re3 Bf8 21. Rg3 Bg7 22. Nf3 Qa5 23. Rd1 Bd7 24. Nh4 Be8 25. exd6 Rac8 26. c4 Rc6 27. Qe2 Rcxd6 28. Rxd6 Rxd6 29. Rd3 Rxd3 30. Bxd3 Qc3 31. Qf1 Qf6 32. g3 Bc6+ 33. Ng2 Qb2 34. h4 h5 35. Kh2 Qxa2 36. Be2 Qa1 37. Bd1 Bd4 38. Qe1 Qb1 39. Qe2 Qb2 40. Bc2 Ba4 41. Bd3 Qxe2 42. Bxe2 Bc6 43. Ne1 a5 44. Nf3 Bc3 45. Kg2 a4 46. Bd1 a3 47. Bb3 Be4 48. Ba2 Bd4 49. Bb1 Be3 50. Ba2 Bc5 0-1

[Event "Monastir Moknine op-A"]
[Site "Monastir"]
[Date "2017.09.05"]
[Round "1"]
[White "Meddeb, Anis"]
[Black "Feller, Sebastien"]
[Result "0-1"]
[WhiteElo "2205"]
[BlackElo "2569"]
[PlyCount "70"]
[EventDate "2017.09.05"]
[EventType "swiss"]
[EventRounds "9"]
[EventCountry "TUN"]
[SourceTitle "CBM 180 Extra"]
[Source "ChessBase"]
[SourceDate "2017.10.06"]
[SourceVersion "1"]
[SourceVersionDate "2017.10.06"]
[SourceQuality "1"]

1. e4 c5 2. Nf3 e6 3. d4 cxd4 4. Nxd4 a6 5. Bc4 b5 6. Bb3 Bb7 7. Qe2 Nc6 8. Be3 Nf6 9. Nd2 Na5 10. Bg5 h6 11. Bh4 d6 12. 0-0-0 Nxb3+ 13. axb3 Qb6 14. Bxf6 gxf6 15. Nf1 h5 16. h4 0-0-0 17. Rh3 Kb8 18. Kb1 Ka8 19. Rhd3 Be7 20. Ng3 Rdg8 21. b4 Rg4 22. Nf3 Re8 23. Qe3 Qxe3 24. Rxe3 Kb8 25. c3 Reg8 26. Kc2 Kc7 27. Rh1 d5 28. exd5 Bxd5 29. Rd1 Rd8 30. Ra1 Bb7 31. Rae1 Rh8 32. b3 Bd6 33. Ne4 Rxg2 34. Nxd6 Rxf2+ 35. Nd2 Kxd6 0-1

[Event "TUN-ch"]
[Site "Hammamet"]
[Date "2016.12.09"]
[Round "7"]
[White "Barbaria, Yacine"]
[Black "Meddeb, Anis"]
[Result "1-0"]
[WhiteElo "2177"]
[BlackElo "2164"]
[PlyCount "79"]
[EventDate "2016.12.05"]
[EventType "swiss"]
[EventRounds "9"]
[EventCountry "TUN"]
[SourceTitle "CBM 176 Extra"]
[Source "ChessBase"]
[SourceDate "2017.03.02"]
[SourceVersion "1"]
[SourceVersionDate "2017.03.02"]
[SourceQuality "1"]

1. e4 e5 2. Bc4 Nf6 3. d3 d5 4. exd5 Nxd5 5. Nf3 Nc6 6. 0-0 Nb6 7. Bb3 Bg4 8. Re1 Bd6 9. Nbd2 0-0 10. h3 Bh5 11. c3 Nd7 12. Ne4 Nc5 13. Nxc5 Bxc5 14. g4 Bg6 15. Nxe5 Qh4 16. Qf3 Rae8 17. Bf4 Nxe5 18. Bxe5 Bxd3 19. Bg3 Rxe1+ 20. Rxe1 Qxh3 21. Qxd3 Qxg4 22. Kg2 Bd6 23. Qf3 Qg5 24. Qe3 Qg6 25. Qe4 Qg5 26. Qd5 Qg4 27. Qxb7 h5 28. Qf3 Qg5 29. Rh1 g6 30. Qe3 Qf5 31. Bxd6 cxd6 32. Rh3 Kg7 33. Rf3 Qg4+ 34. Rg3 Qf5 35. Qd4+ Kh6 36. Qxd6 Re8 37. Rf3 Qg4+ 38. Qg3 Qe4 39. Bxf7 Re5 40. Qf4+ 1-0

[Event "TUN-ch"]
[Site "Hammamet"]
[Date "2016.12.08"]
[Round "6"]
[White "Meddeb, Anis"]
[Black "Amdouni, Zoubaier"]
[Result "1/2-1/2"]
[WhiteElo "2164"]
[BlackElo "2317"]
[PlyCount "75"]
[EventDate "2016.12.05"]
[EventType "swiss"]
[EventRounds "9"]
[EventCountry "TUN"]
[SourceTitle "EXT 2018"]
[Source "ChessBase"]
[SourceDate "2017.10.13"]
[SourceVersion "1"]
[SourceVersionDate "2017.10.13"]
[SourceQuality "1"]

1. e4 c5 2. Nf3 e6 3. d4 cxd4 4. Nxd4 Nc6 5. Bc4 Qc7 6. 0-0 Nf6 7. Nc3 a6 8. Nxc6 bxc6 9. Qe2 e5 10. Bg5 Be7 11. f4 d6 12. fxe5 dxe5 13. Kh1 0-0 14. Bxf6 Bxf6 15. Nd1 Qe7 16. Ne3 g6 17. Rf3 Bg5 18. Raf1 Be6 19. g3 a5 20. Kg2 Bxe3 21. Rxe3 Rab8 22. b3 Kg7 23. Bxe6 Qxe6 24. Rd3 f5 25. exf5 Rxf5 26. Rfd1 Rbf8 27. Rd6 Rf2+ 28. Qxf2 Rxf2+ 29. Kxf2 Qf5+ 30. Kg2 Qe4+ 31. Kf2 Qxc2+ 32. R6d2 Qf5+ 33. Kg2 a4 34. Re2 axb3 35. axb3 g5 36. Rde1 g4 37. Rxe5 Qf3+ 38. Kg1 1/2-1/2

[Event "TUN-ch"]
[Site "Hammamet"]
[Date "2016.12.06"]
[Round "3"]
[White "Nouali, Mohamed"]
[Black "Meddeb, Anis"]
[Result "0-1"]
[WhiteElo "2044"]
[BlackElo "2164"]
[PlyCount "122"]
[EventDate "2016.12.05"]
[EventType "swiss"]
[EventRounds "9"]
[EventCountry "TUN"]
[SourceTitle "CBM 176 Extra"]
[Source "ChessBase"]
[SourceDate "2017.03.02"]
[SourceVersion "1"]
[SourceVersionDate "2017.03.02"]
[SourceQuality "1"]

1. e4 c5 2. Nf3 Nc6 3. d4 cxd4 4. Nxd4 e5 5. Nb5 d6 6. N1c3 a6 7. Na3 b5 8. Nd5 Nf6 9. Bg5 Be7 10. Bxf6 Bxf6 11. c3 Bg5 12. Nc2 0-0 13. a4 Rb8 14. axb5 axb5 15. Bd3 Ne7 16. Nxe7+ Qxe7 17. Nb4 Bb7 18. 0-0 g6 19. Ra7 Qd8 20. Qg4 h5 21. Qe2 Qb6 22. Rfa1 Ra8 23. Rxa8 Rxa8 24. Rxa8+ Bxa8 25. Bxb5 Bxe4 26. Qxe4 Qxb5 27. h4 Be7 28. g3 Kg7 29. Qd5 Qe2 30. Nc6 Bf6 31. b4 e4 32. Nd4 Qe1+ 33. Kg2 Qxc3 34. Nc6 Qc2 35. Kg1 Qc1+ 36. Kg2 e3 37. fxe3 Qxe3 38. Qxd6 Qe2+ 39. Kg1 Bc3 40. Qc5 Bd2 41. Qe5+ Qxe5 42. Nxe5 Bxb4 43. Kg2 Bc3 44. Nd3 Kf6 45. Kf3 Kf5 46. Nc5 Bd4 47. Ne4 f6 48. Nd6+ Ke6 49. Ne4 Bb6 50. Kf4 Bc7+ 51. Kf3 Be5 52. Nc5+ Kd6 53. Nd3 Kd5 54. Nb4+ Kc5 55. Nd3+ Kd4 56. Nb4 Bd6 57. Nc6+ Kd5 58. Nd8 Be7 59. Nb7 Bb4 60. Kf4 Bd6+ 61. Ke3 Bc7 0-1

[Event "TUN-ch"]
[Site "Hammamet"]
[Date "2016.12.05"]
[Round "1"]
[White "Taieb, Sahbi"]
[Black "Meddeb, Anis"]
[Result "1/2-1/2"]
[WhiteElo "2040"]
[BlackElo "2164"]
[PlyCount "136"]
[EventDate "2016.12.05"]
[EventType "swiss"]
[EventRounds "9"]
[EventCountry "TUN"]
[SourceTitle "CBM 176 Extra"]
[Source "ChessBase"]
[SourceDate "2017.03.02"]
[SourceVersion "1"]
[SourceVersionDate "2017.03.02"]
[SourceQuality "1"]

1. e4 c5 2. Nf3 Nc6 3. Bb5 g6 4. 0-0 Bg7 5. Re1 Nf6 6. c3 0-0 7. d4 cxd4 8. cxd4 d5 9. e5 Ne4 10. Nbd2 Nxd2 11. Bxd2 Qb6 12. Bxc6 Qxc6 13. Bb4 Re8 14. Rc1 Qb5 15. Ba3 Bg4 16. h3 Bxf3 17. Qxf3 Qd7 18. Rc5 e6 19. Rec1 Rec8 20. R5c3 Rxc3 21. Qxc3 f6 22. f4 fxe5 23. fxe5 Bh6 24. Rc2 Re8 25. Bd6 Bg5 26. b3 b6 27. Qg3 Bd8 28. Qf4 b5 29. Kh1 Qf7 30. Qg3 Bb6 31. Rf2 Qg7 32. Qg4 h5 33. Qf4 Bd8 34. Rc2 Qd7 35. Qg3 Kh7 36. Rf2 Qg7 37. Bc5 Be7 38. Bxe7 Rxe7 39. Rf6 Qg8 40. Qf4 Kg7 41. g4 hxg4 42. hxg4 Re8 43. Qg5 Kh7 44. Rf2 Qg7 45. Rh2+ Kg8 46. Rh6 Kf7 47. Qh4 Kg8 48. Qg5 Kf7 49. Qf4+ Kg8 50. Kg2 Rc8 51. Qg5 Kf7 52. Qf4+ Kg8 53. Qg5 Kf7 54. Rh3 Kg8 55. Rf3 Re8 56. Rf6 Kh7 57. b4 a6 58. Qc1 Re7 59. Qh1+ Qh6 60. Qxh6+ Kxh6 61. Kf3 Kg5 62. Kg3 Re8 63. Kf3 Re7 64. Ke3 Re8 65. Kf3 Re7 66. Ke3 Re8 67. a3 Re7 68. Kf3 Re8 1/2-1/2

[Event "Benidorm op U2300 14th"]
[Site "Benidorm"]
[Date "2015.11.29"]
[Round "2"]
[White "Sadilek, Peter"]
[Black "Meddeb, Anis"]
[Result "1/2-1/2"]
[WhiteElo "2280"]
[BlackElo "2175"]
[PlyCount "99"]
[EventDate "2015.11.28"]
[EventType "swiss"]
[EventRounds "10"]
[EventCountry "ESP"]
[SourceTitle "CBM 169 Extra"]
[Source "ChessBase"]
[SourceDate "2015.12.18"]
[SourceVersion "1"]
[SourceVersionDate "2015.12.18"]
[SourceQuality "1"]

1. d4 Nf6 2. c4 g6 3. Nc3 Bg7 4. e4 d6 5. Nf3 0-0 6. Be2 Nc6 7. 0-0 Bg4 8. Be3 Bxf3 9. Bxf3 e5 10. d5 Ne7 11. c5 Ne8 12. a4 f5 13. b4 f4 14. Bd2 Kh8 15. Nb5 a6 16. cxd6 cxd6 17. Na3 Nf6 18. Nc4 g5 19. h3 Ng6 20. Qe2 Nh4 21. Bg4 Qe7 22. Ra3 Rad8 23. g3 Ng6 24. Be6 Ne8 25. Rb3 Nc7 26. Bg4 Rf6 27. b5 axb5 28. axb5 Rdf8 29. Rc1 Qf7 30. Bf5 Ne8 31. g4 Nh4 32. Nb6 Rxf5 33. exf5 Nf6 34. Qc4 e4 35. Bb4 h5 36. Bxd6 Re8 37. Qc7 Qg8 38. Be7 Nxd5 39. Nxd5 Qxd5 40. f6 Qxb3 41. fxg7+ Kg8 42. Qd7 Qf7 43. Rc8 Rxc8 44. Qxc8+ Kxg7 45. Bb4 Qd5 46. Bc3+ Kf7 47. Qc7+ Ke6 48. Qc8+ Kf7 49. Qc7+ Ke6 50. Qc8+ 1/2-1/2